000
00327 a2200157 4500
001
151620
040
_c
Escola São Tomás de Aquino
100
_a
APPLEGATE, K.A
240
1
0
_a
A captura
_l
por
245
1
0
_a
A captura
300
_a
137
362
0
_a
2001
440
1
_a
Rocco
697
_a
*LITERATURA JUVENIL
942
_c
BK
999
_c
151620
_d
151620